|
|
|
|
| LEADER |
00833nam a2200217 a 4500 |
| 001 |
GR-MES10922 |
| 008 |
061013s xxk 000 0 gre d |
| 020 |
|
|
|a 1859961975
|
| 040 |
|
|
|a GrPaTEI
|b gre
|c GR-PaULI
|
| 040 |
|
|
|a GrPaTEI
|b gre
|c GR-PaULI
|
| 100 |
1 |
|
|a Lack, A.J
|
| 245 |
1 |
0 |
|a Plant biology /
|c A.J.Lack ; C.E.Evans.
|
| 260 |
|
|
|a Oxford :
|b BIOS,
|c c2001
|
| 300 |
|
|
|a vii , 332σ. :
|b εικ. ;
|c 24εκ.
|
| 490 |
0 |
|
|a BIOS instant notes
|
| 650 |
|
0 |
|a Botany
|x Outlines ,syllabi , etc
|
| 700 |
1 |
|
|a Evans, D.
|
| 942 |
|
|
|2 ddc
|
| 952 |
|
|
|0 0
|1 0
|2 ddc
|4 0
|6 580_000000000000000_LAC
|7 0
|9 270178
|a MSLG
|b MSLG
|c BSC
|d 2021-01-17
|e 24
|f 0
|g 0.00
|l 0
|o 580 LAC
|p 2420000020184
|r 2021-01-17 00:00:00
|t 1
|v 2021.00
|w 2021-01-17
|y BK15
|x Μεταφορά από Αμαλιάδα (18/10/22)
|x GrPaTEI
|
| 971 |
|
|
|a .b25769698
|b 15-04-20
|c 13-09-16
|
| 999 |
|
|
|c 156008
|d 156008
|